Cinco estudios revisionistas sobre emigración de chilenos e inmigración extranjera en Chile durante el siglo XIX
Salvato in:
| Autore principale: | |
|---|---|
| Natura: | Libro |
| Lingua: | spagnolo |
| Pubblicazione: |
Valparaíso
Universidad de Playa Ancha
2000
|
| Soggetti: | |
| Tags: |
Aggiungi Tag
Nessun Tag, puoi essere il primo ad aggiungerne!!
|
MARC
| LEADER | 00000nam a2200000 a 4500 | ||
|---|---|---|---|
| 001 | UCM4057 | ||
| 003 | CL-VaPUC | ||
| 008 | 020726e20000000CL |||||||||||||||||spa|d | ||
| 082 | 0 | 4 | |a 325.83 |b HAR |2 21 |
| 100 | |a Harris Bucher, Gilberto |e author |9 777799 | ||
| 245 | 1 | 0 | |a Cinco estudios revisionistas sobre emigración de chilenos e inmigración extranjera en Chile durante el siglo XIX |
| 300 | |a 98 p | ||
| 942 | |c BK | ||
| 945 | |d 20020726 00:00:00 |a cmena | ||
| 260 | |a Valparaíso |b Universidad de Playa Ancha |c 2000 | ||
| 650 | 0 | |a Inmigración |9 268290 | |
| 650 | 0 | |a Emigración |9 343094 | |
| 650 | 7 | |a RELACIONES INTERNACIONALES SIGLO 19 |2 CL-VaPUC |9 388365 | |
| 651 | 7 | |a CHILE SIGLO 19 |2 CL-VaPUC |9 470586 | |
| 583 | |a last modification |c 20020726 00:00:00 |k Rodrigo Vera | ||
| 999 | |c 300969 |d 300967 | ||
| 952 | |0 0 |1 0 |4 0 |6 325_830000000000000_HAR_2000 |7 0 |8 A |9 359457 |a BIBHIS |b BIBHIS |d 2019-11-21 |i 3831876 |l 3 |o 325.83 HAR 2000 |p 3831876 |r 2025-01-20 |s 2023-01-18 |w 2019-11-21 |y BK |k HIS | ||